| 000 | 00670nam a2200193 a 4500 | ||
|---|---|---|---|
| 005 | 20210223120809.0 | ||
| 008 | 991125s2006 fr 000 0 eng u | ||
| 020 | _a9789231040344 | ||
| 035 | _aUPN01000007322 | ||
| 049 | _aUNE | ||
| 050 | 4 |
_aLC1085.2 _bT6.9 |
|
| 245 | 0 | 0 |
_aTowards an entrepreneurial culture for the twenty-first century : _bstimulating entrepreneurial spirit through entrepreneurship education in secondary schools. |
| 260 |
_aSwitzerland : _bUNESCO : _bILO, _c2006. |
||
| 300 |
_a137 p. : _bgráfs. |
||
| 650 | 4 |
_aNEGOCIOS Y EDUCACION _918762 |
|
| 650 | 4 |
_aNUEVAS EMPRESAS COMERCIALES _915396 |
|
| 650 | 4 |
_aEXITO EN LOS NEGOCIOS _94477 |
|
| 905 | _aLibro | ||
| 999 |
_c7322 _d7322 |
||